[Event "Hoogeveen Essent"]
[Site "?"]
[Date "2004.10.17"]
[Round "1"]
[White "Sokolov, Ivan"]
[Black "Short, Nigel"]
[Result "1-0"]
[WhiteElo "2663"]
[BlackElo "2687"]
[PlyCount "75"]
[EventDate "2004.10.17"]

1. d4 Nf6 2. c4 e6 3. Nc3 Bb4 4. Qc2 d5 5. cxd5 exd5 6. Bg5 c5 7. dxc5 h6 8.
Bh4 Nc6 9. e3 g5 10. Bg3 Ne4 11. a3 Bxc3+ 12. bxc3 Qa5 13. Bd3 Nxg3 14. hxg3 d4
15. exd4 Nxd4 16. Qb2 Bd7 17. Kf1 Ne6 18. Qxb7 Qxc3 19. Rd1 Rd8 20. Ne2 Qxa3
21. c6 Bc8 22. Qb1 Ke7 23. g4 Rd6 24. Rh3 Rhd8 25. Re3 Kf8 (25... Ba6 26. c7
R8d7 27. Kg1 $1 Rxc7 (27... Rxd3 28. Rexd3 Rxd3 29. Qxd3 Bxd3 30. c8=Q) 28.
Bxa6 Rxd1+ 29. Qxd1 Qxa6 30. Nd4) 26. Kg1 Rxc6 27. Bb5 Rxd1+ 28. Qxd1 Rd6 29.
Qb1 Qa5 30. Ng3 Rb6 31. Qb2 Kg8 32. Qc2 Bb7 33. Bc4 Qc5 34. Nf5 Bd5 35. Nxh6+
Kf8 36. Qh7 Rb1+ 37. Qxb1 Qxc4 38. Qb8+ 1-0